| 000 | 00408nam a2200157Ia 4500 | ||
|---|---|---|---|
| 008 | 231217s9999 xx 000 0 und d | ||
| 041 | _aEnglish | ||
| 082 | _a001.642WIN MUR;1 `R' | ||
| 100 | _aMurphy, John | ||
| 245 | 0 | _aNT network programming tool kit | |
| 260 |
_c1999 _bNew Jersey : PHP, |
||
| 300 | _aix+227 | ||
| 400 | _aMicrosoft technology series | ||
| 650 | _aNT programming | ||
| 942 | _cAA | ||
| 999 |
_c167988 _d167988 |
||